000 00685cam a2200229u 4500
999 _c329836
_d329836
001 10120287
003 NUST
005 20170523140957.0
008 820514s1914 enk a 000 0 eng
010 _a 18003052
040 _aDLC
_cCarP
_dDLC
050 1 0 _aDS465
_b.W8
050 0 0 _aMicrofilm 82/6793 (DS)
082 _a954.02 WRI
100 1 _aWright, Arnold,
_d1858-1941.
_91349
245 1 0 _aEarly English adventurers in the East,
260 _aLondon,
_bA. Melrose, ltd.,
_c1914.
300 _a331 p.
_c22 cm.
610 2 0 _aEast India Company.
_91350
650 0 _aBritish
_zAsia
_xHistory.
_91351
906 _a0
_bcbc
_cpremunv
_du
_encip
_f19
_gy-gencatlg
942 _2ddc
_cBK